European Union Map Quiz Stats

Quiz Updated Jun 1, 2017

Challenge
Share
Tweet
Score 0/28 Timer 03:00
4 Plays Today
% Correct
France
98.6%
Spain
98.3%
Italy
98.2%
United Kingdom
98%
Portugal
97.2%
Germany
97.1%
Sweden
96.8%
Greece
95.4%
Finland
95.3%
Ireland
95.1%
Poland
94.4%
Austria
90.7%
Belgium
90.5%
Netherlands
89.2%
% Correct
Denmark
87.9%
Czechia
87.1%
Latvia
86.7%
Estonia
85.7%
Lithuania
84.4%
Romania
84.3%
Slovakia
82.7%
Hungary
82.2%
Cyprus
81.2%
Bulgaria
78.5%
Luxembourg
76.7%
Slovenia
76.4%
Croatia
74.6%
Malta
73.2%

You're not logged in!

Compare scores with friends on all Sporcle quizzes.
Sign Up with Email
OR
Log In

You Might Also Like...

Show Comments

Extras

Top Quizzes Today


Score Distribution

Your Account Isn't Verified!

In order to create a playlist on Sporcle, you need to verify the email address you used during registration. Go to your Sporcle Settings to finish the process.